| 000 | 00459nam a2200181Ia 4500 | ||
|---|---|---|---|
| 001 | 23279 | ||
| 005 | 20260414150926.0 | ||
| 008 | 260414t2012||||xx |||||||||||||| ||spa|| | ||
| 041 | _aESP | ||
| 082 |
_a628.16 _bG71 |
||
| 100 |
_aGonzález Leal, Gladys Rocío _eAUT |
||
| 245 | 0 |
_aMicrobiología del agua : _bconceptos y aplicaciones |
|
| 260 | _c2012 | ||
| 300 |
_a409 páginas : _c24 cm. |
||
| 650 | _aCNM | ||
| 654 | _aCCN | ||
| 942 |
_cLIB _dJUS _fJUS _2ddc _n |
||
| 999 |
_c23279 _d23279 |
||